Statistics for European Union Quiz

Click here to take the quiz!

General Stats

  • This quiz has been taken 37 times
  • The average score is 8 of 11

Answer Stats

QuestionAnswer% Correct
Whats the capital of the EU?Brussels
100%
Where is the EU parliamentBrussels
100%
Which country left the EU back in 2020United Kingdom
94%
Who currently runs the EU but is undergoing elections this year?Ursula von der Leyen
91%
What nation provides the most for the EU?Germany
88%
How many countries are in the EU27
85%
Where is the european court of justice?Luxembourg City
73%
What nation is the most recent newcomer to the EUCroatia
70%
Where was the EU formed?Maastricht
61%
When was the European Union formed?1993
52%
How many countries are still applying for the EU?9
24%

Score Distribution

Percentile by Number Answered

Percent of People with Each Score

Your Score History

You have not taken this quiz